Voyage de La Belgica: quinze mois dans l'Antarctique.

Αποθηκεύτηκε σε:
Λεπτομέρειες βιβλιογραφικής εγγραφής
Κύριος συγγραφέας: Gerlache, Adrien de
Μορφή: Βιβλίο
Γλώσσα:Γαλλικά
Έκδοση: Bruselas, Bélgica. Ch. Bulens 1902
Θέματα:
Ετικέτες: Προσθήκη ετικέτας
Δεν υπάρχουν, Καταχωρήστε ετικέτα πρώτοι!

MARC

LEADER 00000nam a2200000 a 4500
001 UCJ4336
003 CL-VaPUC
005 20250304110151.0
008 070124e19020000BE |||||||||||||||||fre|d
999 |c 320452  |d 320450 
040 |c Pontificia Universidad Católica de Valparaíso 
082 0 4 |a 910.4 GER 1902  |2 21 
100 0 |a Gerlache, Adrien de  |9 507816 
245 1 0 |a Voyage de La Belgica: quinze mois dans l'Antarctique. 
260 0 3 |a Bruselas, Bélgica.  |b Ch. Bulens  |c 1902 
300 |a 302 páginas. 
500 |a Front.: fotografía del autor y jefe de la expedición. Ilustraciones 
500 |a Préface par Elisée Reclus 
583 |a last modification  |c 20121001 12:34:58  |k Rodrigo Vera 
650 0 |a Viajes  |9 257115 
650 0 |a Flora y fauna  |9 338564 
650 0 |a Recursos naturales  |9 255232 
650 7 |a EXPLORACION CIENTIFICA  |2 CL-VaPUC  |9 507817 
650 7 |a METEOROLOGIA  |2 CL-VaPUC  |9 260030 
650 0 |a Iconografía   |9 267998 
650 0 |a Ilustraciones  |9 369481 
650 0 |a Onas   |9 409869 
650 0 |a Aborígenes  |9 329972 
651 0 |a Antártica (Antártida)  |9 324088 
651 7 |a PUNTA ARENAS  |2 CL-VaPUC  |9 314722 
942 |c BK  |2 ddc 
945 |d 20070124 00:00:00  |a rinostro 
952 |0 0  |1 0  |2 ddc  |4 0  |6 910_400000000000000_GER_1902  |7 0  |8 X  |9 398973  |a FDOBUD  |b FDOBUD  |d 2019-11-22  |i 1016881  |o 910.4 GER 1902  |p 1016881  |r 2019-11-22  |t 1  |w 2019-11-22  |y BK_X  |k BUD